| 000 | 00961nam a2200217 4500 | ||
|---|---|---|---|
| 005 | 20250502095752.0 | ||
| 008 | 250502b |||||||| |||| 00| 0 eng d | ||
| 020 | _a9788178804286 | ||
| 037 | _cTextual | ||
| 040 |
_aRTL _cRTL |
||
| 084 |
_aU:(T:3) R0 _qRTL |
||
| 100 |
_aGarg, Bhuvan _9753712 |
||
| 245 | _aTeaching of geography | ||
| 260 |
_aNew Delhi _bRajat Publications _c2020 |
||
| 300 |
_avi, 266 p. ill. _bIncludes bibliographical references |
||
| 521 | _aTeaching geography, however, can be just as formidable as task as understanding the complexities of the subject. The myriad range of this discipline ensures that geography bacome a subject which needs constant attention, aided in its comprehension by teaching tools like maps, atlases, charts, diagrams, graphs, etc. | ||
| 650 |
_aTeaching- Geography _9753713 |
||
| 650 |
_aElementary Geography _9753714 |
||
| 650 |
_aLearning- Geography _9753715 |
||
| 942 |
_2CC _n0 _cTB _hU:(T:3) R0 |
||
| 999 |
_c1309915 _d1309915 |
||